| 000 | 01203nam a22002177a 4500 | ||
|---|---|---|---|
| 999 |
_c6476 _d6476 |
||
| 003 | AR-CdUCM | ||
| 008 | 190318b ||||| |||| 00| 0 spa d | ||
| 040 |
_aMUNICIPALIDAD PROVINCIAL DEL CUSCO _cBIBLIOTECA MUNICIPAL DEL CUSCO |
||
| 082 |
_a920 / _bM 1 |
||
| 110 |
_aMesa Mesa Redonda sobre la Vida y la Obra del Mariscal Andrés Santa Cruz _918358 |
||
| 245 | _aLa vida y obra del Mariscal Andrés Santa Cruz : | ||
| 260 |
_aLa Paz : _bCasa Municipal de la Cultura "Franz Tamayo", _c1976. |
||
| 300 |
_a3 tomos ; _bilustraciones, retratos, _c23 cm. |
||
| 440 |
_aBiblioteca paceña. Nueva serie _94832 |
||
| 505 | _aContenido: t.1. La figura de Don Andrés Santa Cruz -- Estudios sobra la época del Mariscal Andres Santa Cruz t.2. La filosofía -- La historia -- La literatura -- La ciencia -- Los viajeros -- El periodismo -- La educación -- El arte. La arquitectura -- La pintura, escultura y artes menores --La música -- t.3: Administración y obra de Don Andrés Santa CruzGobierno del mariscal Andrés Santa Cruz (1829-1839) --Confederación Perú-Boliviana. | ||
| 650 |
_aBiografía _922 |
||
| 650 |
_aBolivia _91138 |
||
| 650 |
_aPresidentes _91678 |
||
| 942 |
_2ddc _cLIBROS |
||
| 945 | _araen | ||